000 01620nam a2200457 i 4500
001 27053
003 FINmELB
005 20241216215942.0
006 m o u
007 cr cn|||||||||
008 170321s2013 sp ob 001 0 spa d
020 _a9788497847148 (e-book)
020 _z9788497842082
035 _a(OCoLC)991973518
040 _aFINmELB
_bspa
_erda
_cFINmELB
050 4 _aBF241
_bL111 2013
080 _a159.91
082 0 _a152.14
_223
245 0 3 _aLa imagen :
_banálisis y representación de la realidad /
_cRoberto Aparici [y otros 3].
264 1 _aBarcelona :
_bEditorial Gedisa,
_c2013.
300 _a1 recurso en línea (329 páginas)
336 _atexto
_btxt
_2rdacontent/spa
337 _acomputadora
_bc
_2rdamedia/spa
338 _arecurso en línea
_bcr
_2rdacarrier/spa
490 1 _aSerie Multimedia
500 _aIncluye índice.
504 _aContiene bibliografía.
588 _aDescripción basada en metadatos suministrados por el editor y otras fuentes.
590 _aRecurso electrónico. Santa Fe, Arg.: elibro, 2020. Disponible vía World Wide Web. El acceso puede estar limitado para las bibliotecas afiliadas a elibro.
650 0 _aImage analysis.
650 4 _aAnálisis de imagen.
650 0 _aPicture perception.
650 4 _aPercepción de la imagen.
650 0 _aVisual perception.
650 4 _aPercepción visual.
655 4 _aLibros electrónicos.
700 1 _aAparici, Roberto,
_eautor.
797 2 _aelibro, Corp.
830 0 _aSerie Multimedia.
856 4 0 _uhttps://elibro.net/ereader/politecnicointernacional/61157
999 _c27053
_d27053